Song of Innocence/ (Record no. 202286)

MARC details
000 -LEADER
fixed length control field 00485nam a22001817a 4500
005 - DATE AND TIME OF LATEST TRANSACTION
control field 20240508121058.0
010 ## - LCCN (DPL NO)
LC control number ENG-140218
020 ## - INTERNATIONAL STANDARD BOOK NUMBER
Terms of availability 250.00
International Standard Book Number 9789380224060
035 ## - SYSTEM CONTROL NUMBER
System control number EN-123750
037 ## - SOURCE OF ACQUISITION
Source of stock number/acquisition DBAD
082 ## - DEWEY DECIMAL CLASSIFICATION NUMBER
Classification number N
100 ## - MAIN ENTRY--PERSONAL NAME
Personal name Barnabas, Sarala
245 ## - TITLE STATEMENT
Title Song of Innocence/
Statement of responsibility, etc by Sarala Barnabas
260 ## - PUBLICATION, DISTRIBUTION, ETC. (IMPRINT)
Place of publication, distribution, etc Rajasthan
Name of publisher, distributor, etc Shruti Publications
Date of publication, distribution, etc 2011
270 ## - ADDRESS
City Jaipur
Address 50-Ka-6, Jyoti Nagar
Postal code 302005
300 ## - PHYSICAL DESCRIPTION
Extent 216p.
Dimensions 22cm(pbk)
942 ## - ADDED ENTRY ELEMENTS (KOHA)
Source of classification or shelving scheme Dewey Decimal Classification
Item type English Books
Classification part N
Call number suffix BAR
Holdings
Withdrawn status Lost status Not for loan Collection code Home library Current library Date acquired Source of acquisition Cost, normal purchase price Full call number Barcode Copy number Cost, replacement price Koha item type
      Fiction Ashok Vihar Ashok Vihar 19/04/2024 DBAD 250.00 N BAR EN-123750 1 250.00 English Books

© Delhi Public Library
Hit Counter
free hit counter